| 000 | 00659nam a22002417a 4500 | ||
|---|---|---|---|
| 003 | UA-OsUOA | ||
| 001 | 72933 | ||
| 007 | ta | ||
| 008 | 20110204b un ||||| |||| 00| 0 ukr d | ||
| 100 | _aДаль Р. А. | ||
| 090 |
_a321 _bД15 |
||
| 942 | _cBK | ||
| 040 |
_aUA-OsUOA _brus _cUA-OsUOA _dUA-OsUOA |
||
| 245 | _aПолиархия: участие и оппозиция | ||
| 300 | _a288 с. | ||
| 955 | _a2 | ||
| 041 | _arus | ||
| 080 | _a321 | ||
| 020 | _a978-7598-0759-9 | ||
| 260 |
_aМ. _c2010 |
||
| 650 | 7 |
_a321 Форми політичних організацій. Держави як політичні влади _2UDC |
|
| 999 |
_c359213 _d359213 |
||